Statistics for Dünya Ölkələri Viktorinası

Click here to take the quiz!

General Stats

  • This quiz has been taken 126 times
  • The average score is 88 of 196

Answers on the Map

Answers color-coded by a green-red scale on the quiz's map according to % correct below.
Loading ...
 

Answer Stats

Country% Correct
Kanada
82%
Azərbaycan
79%
Amerika Birləşmiş Ştatları
75%
Çin
75%
Türkiyə
75%
İran
72%
Meksika
70%
Misir
70%
Pakistan
70%
Rusiya
70%
İraq
68%
Səudiyyə Ərəbistanı
68%
Argentina
67%
Nepal
67%
Oman
67%
Ukrayna
67%
Belarus
65%
Fransa
65%
Peru
65%
Türkmənistan
65%
Yəmən
65%
Estoniya
63%
Finlandiya
63%
Litva
63%
Avstraliya
61%
Böyük Britaniya
61%
Danimarka
61%
Ermənistan
61%
Hindistan
61%
İrlandiya
61%
İsrail
61%
İsveç
61%
Şimali Koreya
61%
Somali
61%
Albaniya
60%
Avstriya
60%
Belçika
60%
Braziliya
60%
Cənubi Koreya
60%
Gürcüstan
60%
İspaniya
60%
İtaliya
60%
Küveyt
60%
Latviya
60%
Niger
60%
Norveç
60%
Özbəkistan
60%
Tacikistan
60%
Almaniya
58%
Boliviya
58%
Bosniya ve Herseqovina
58%
İndoneziya
58%
İslandiya
58%
Panama
58%
Polşa
58%
Qazaxıstan
58%
Suriya
58%
Tunis
58%
Yaponiya
58%
Butan
56%
Çad
56%
Çili
56%
Kuba
56%
Monqolustan
56%
Qırğızıstan
56%
Yunanıstan
56%
Cənubi Afrika Respublikası
54%
Əfqanıstan
54%
Macarıstan
54%
Mali
54%
Niderland
54%
Serbiya
54%
Şimali Makedoniya
54%
Sudan
54%
Banqladeş
53%
Birləşmiş Ərəb Əmirlikləri
53%
Ekvador
53%
İsveçrə
53%
Laos
53%
Madaqaskar
53%
Moldova
53%
Portuqaliya
53%
Slovakiya
53%
Tayvan
53%
Əlcəzair
51%
Filippin
51%
Kipr
51%
Kolumbiya
51%
Myanma
51%
Liviya
49%
Mərakeş
49%
Nigeriya
49%
Qətər
49%
Sloveniya
49%
Şri-Lanka
49%
Andorra
47%
Bolqarıstan
47%
Çex Respublikası
47%
Haiti
47%
Konqo Demokratik Respublikası
47%
Konqo Respublikası
47%
Uruqvay
47%
Yeni Zelandiya
47%
Anqola
46%
Cənubi Sudan
46%
İordaniya
46%
Kamboca
46%
Mərkəzi Afrika Respublikası
46%
Namibiya
46%
Rumıniya
46%
Vyetnam
46%
Xorvatiya
46%
Dominika
44%
Keniya
44%
Lüksemburq
44%
Mozambik
44%
Paraqvay
44%
Surinam
44%
Tailand
44%
Venesuela
44%
Burundi
42%
Efiopiya
42%
Livan
42%
Malayziya
42%
Qana
42%
Seneqal
42%
Kosovo
40%
Malta
40%
San-Marino
40%
Zambiya
40%
Sinqapur
39%
Tanzaniya
39%
Vatikan
39%
Benin
37%
Cibuti
37%
Kamerun
37%
Monako
37%
Qayana
37%
Qvineya
37%
Zimbabve
37%
Beliz
35%
Malavi
35%
Papua-Yeni Qvineya
35%
Ruanda
35%
Yamayka
35%
Botsvana
33%
Bruney
33%
Esvatini
33%
Lesoto
33%
Mavritaniya
33%
Uqanda
33%
Kosta-Rika
32%
Monteneqro
32%
Qabon
32%
Salvador
32%
Ekvatorial Qvineya
30%
Honduras
30%
Toqo
28%
Dominikan Respublikası
26%
Maldiv adaları
26%
Mikroneziya
26%
Baham adaları
25%
Liberiya
25%
Nikaraqua
25%
Qambiya
25%
Bәhreyn
23%
Eritreya
23%
Fici
23%
Komor adaları
23%
Nauru
23%
Seyşel adaları
23%
Barbados
21%
Lixtenşteyn
19%
Palau
19%
Samoa
19%
Şərqi Timor
19%
Trinidad və Tobaqo
19%
Kiribati
18%
Tuvalu
18%
Burkina-Faso
16%
Kotdivuar
16%
Qvatemala
16%
Vanuatu
16%
Qvineya-Bisau
14%
Antiqua və Barbuda
12%
Mavriki
12%
Sent Kits və Nevis
12%
Solomon adaları
11%
Syerra-Leone
11%
Kabo-Verde
9%
Marşall adaları
9%
Qrenada
9%
San-Tome və Prinsipi
9%
Sent-Lüsiya
9%
Sent-Vinsent və Qrenadin
9%
Tonqa
7%

Score Distribution

Percentile by Number Answered

Percent of People with Each Score

Your Score History

You have not taken this quiz